00546nam a2200169Ia 4500008004100000040001300041100001100054100002500065245008500090260001400175260001000189260000900199300000700208700005400215999001700269952009000286180419s9999 xx 000 0 und d aPK-NaQUE a02IT03 aRafique Ahmed Ujjan  0aDesign of software Models for Heterogeneous Clients of Wireless Devices (Mobile) aNawabshah bQUEST c2002 a93 aDepartment Of Infornation Technology Engineering c58413d58410 00104070aRESEARCHbRESEARCHd2018-04-20l0pITP/01-01r2018-04-20 00:00:00yTHESIS